Establishment of health and fitness gym in Sampaloc road barangay Plaza Aldea, Tanay, Rizal/ (Record no. 8974)

MARC details
000 -LEADER
fixed length control field 01144nam a22002537i 4500
003 - CONTROL NUMBER IDENTIFIER
control field URS
005 - DATE AND TIME OF LATEST TRANSACTION
control field 20250324183902.0
008 - FIXED-LENGTH DATA ELEMENTS--GENERAL INFORMATION
fixed length control field 190201b ||||| |||| 00| 0 eng d
040 ## - CATALOGING SOURCE
Language of cataloging eng
Description conventions rda
Transcribing agency URS Pililla Library
082 ## - DEWEY DECIMAL CLASSIFICATION NUMBER
Item number FS BSBA FM11 2014
100 1# - MAIN ENTRY--PERSONAL NAME
Personal name Cabubas, Mary Jane G.
Relator term researcher
245 10 - TITLE STATEMENT
Title Establishment of health and fitness gym in Sampaloc road barangay Plaza Aldea, Tanay, Rizal/
Statement of responsibility, etc. Mary Jane G. Cabubas, Ma. Liza D. Deguzmna, Alejandro G. Masinsin.
300 ## - PHYSICAL DESCRIPTION
Extent xvii, 101 leaves;
Dimensions 28 cm.
336 ## - CONTENT TYPE
Content type term text
Content type code txt
Source rdacontent
337 ## - MEDIA TYPE
Media type term unmediated
Media type code n
Source rdamedia
338 ## - CARRIER TYPE
Carrier type term volume
Carrier type code nc
Source rdacarrier
502 ## - DISSERTATION NOTE
Dissertation note Undergraduate Feasibility Study
Degree type Bachelor of Science in Business Administration Major in Financial Management
Name of granting institution University of Rizal System Pililla
700 1# - ADDED ENTRY--PERSONAL NAME
Personal name Bias, Marilen C.
Relator term adviser
700 1# - ADDED ENTRY--PERSONAL NAME
Personal name De Guzman, Ma. Liza T.
Relator term researcher
700 1# - ADDED ENTRY--PERSONAL NAME
Personal name Masinsin, Alejandro G.
Relator term researcher
856 ## - ELECTRONIC LOCATION AND ACCESS
Uniform Resource Identifier <a href="https://forms.gle/7LqvGGkaDrUQqz429">https://forms.gle/7LqvGGkaDrUQqz429</a>
Materials specified Online Request for Student Unpublished Works
856 ## - ELECTRONIC LOCATION AND ACCESS
Uniform Resource Identifier <a href="https://drive.google.com/file/d/14aFMF4_3TGDl-cTtL3Lzbc1x2YFC0UON/view?usp=sharing">https://drive.google.com/file/d/14aFMF4_3TGDl-cTtL3Lzbc1x2YFC0UON/view?usp=sharing</a>
942 ## - ADDED ENTRY ELEMENTS (KOHA)
Source of classification or shelving scheme Dewey Decimal Classification
Koha item type Theses and dissertations
Holdings
Withdrawn status Source of classification or shelving scheme Damaged status Not for loan Home library Current library Shelving location Date acquired Total Checkouts Full call number Barcode Date last seen Price effective from Koha item type
  Dewey Decimal Classification   Not For Loan Pililla College Library Pililla College Library General Stacks 02/01/2019   FS BSBA FM11 2014 FS BSBA FM11 2014 02/01/2019 02/01/2019 Theses and dissertations

University of Rizal System
Email us at univlibservices@urs.edu.ph

Visit our Website www.urs.edu.ph/library